Potreba plánovania v špecifických oblastiach produkcie agrárnych komodít

Pre úspešnú podnikateľskú činnosť aj v poľnohospodárstve je potrebné plánovať jednotlivé etapy svojej činnosti. Existuje množstvo podnikov, ktoré dokážu hospodáriť so ziskom aj v horších klimatických podmienkach. Príkladom môže byť výrobno-odbytové združenie LERAGRO Nová Ľubovňa na produkciu a sprac...

Ausführliche Beschreibung

Gespeichert in:
Bibliographische Detailangaben
1. Verfasser: Stričík, Michal, 1969-
Weitere Verfasser: Hura, Jaroslav, Lešková, Jana
Format: Buchkapitel
Sprache:Slowakisch
Schlagworte:
Tags: Tag hinzufügen
Keine Tags, Fügen Sie das erste Tag hinzu!

MARC

LEADER 00000naa$a2200000$$$4500
001 0093123
005 20240502072034.6
041 0 |a slo 
044 |a SK 
245 1 0 |a Potreba plánovania v špecifických oblastiach produkcie agrárnych komodít  |c Michal Stričík, Jaroslav Hura, Jana Lešková 
520 |a Pre úspešnú podnikateľskú činnosť aj v poľnohospodárstve je potrebné plánovať jednotlivé etapy svojej činnosti. Existuje množstvo podnikov, ktoré dokážu hospodáriť so ziskom aj v horších klimatických podmienkach. Príkladom môže byť výrobno-odbytové združenie LERAGRO Nová Ľubovňa na produkciu a spracovanie liečivých rastlín. 
610 2 0 |a podnik poľnohospodársky 
610 2 0 |a plánovanie 
610 2 0 |a Slovensko 
610 2 0 |a liečivá 
610 2 0 |a rastliny priemyselné 
100 1 |a Stričík, Michal, 1969- 
700 1 |a Hura, Jaroslav 
700 1 |a Lešková, Jana